000
00332nam a2200157Ia 4500
100
_a
Bowman/ J.S. & others
250
_a
2
942
_c
BK
654
_a
Computer
245
_a
The Practical SQL handbook
260
_b
Wesley pub
_a
New york
_c
1993
082
_a
5.756
_b
BOW
300
_a
453
546
_a
ENGLISH
999
_c
30239
_d
30239